Normale Ansicht MARC-Ansicht ISBD

Zeitzeugnis aus der Pandemie. (Titelsatznr. 371305)

[ MARC ]
MARC-Details
000 -Satzkennung
Kontrollfeld mit fester Länge 00821nam a22001937a 4500
008 - Feld mit fester Länge zur physischen Beschreibung - Allgemeine Angaben
Kontrollfeld mit fester Länge 201127b ||||| |||| 00| 0 eng d
040 ## - Katalogisierungsquelle
Original-Katalogisierungsstelle DE-2950
Katalogisierungssprache ger
Übertragungsstelle DE-2950
Beschreibungsfestlegungen rda
041 ## - Sprachcode
Sprachcode des Textes/der Tonspur oder des separaten Titels ger
245 ## - Titel
Haupttitel Zeitzeugnis aus der Pandemie.
Titelzusatz Jubiläum: Alle zehn Jahre erscheint eine Festschrift des Karl-Liebknecht-Gymnasiums. das aktuelle Buch gibt tiefe Einblicke in die Gefühlswelt von Jugendlichen aus Frankfurt in Zeiten von Corona /
Verantwortlichkeitsangabe Lisa Mahlke
264 ## - Veröffentlichungsangabe, Vertriebsangabe, Herstellungsangabe
Erscheinungs-, Vertriebs-, Herstellungsdatum 2022
653 ## - Lokales Schlagwort
Nicht-normierter Term Frankfurt (Oder)
653 ## - Lokales Schlagwort
Nicht-normierter Term Karl-Liebknecht-Gymnasium
653 ## - Lokales Schlagwort
Nicht-normierter Term Publikation / Festschrift
773 ## - Übergeordnete Einheit
Ort, Verlag und Erscheinungsjahr Frankfurt (Oder) Märkisches Verlags- und Druckhaus GmbH & Co KG
Titel Märkische Oderzeitung
Verknüpfungsangaben 33. Jahrgang (2022) Nr. 4 vom 06.01.2022, S. 16
942 ## - Zusätzliche Felder (Koha)
Koha-Medientyp Aufsätze
Exemplare
Ausgeschieden Verloren Beschädigt Nicht entleihbar Permanenter Standort Aktueller Standort Aufstellungsort Eingabedatum Anzahl Ausleihen Signatur Letzte Aktivität Preis gültig von Medientyp
        Stadtarchiv Frankfurt (Oder) | Archivbibliothek Stadtarchiv Frankfurt (Oder) | Archivbibliothek Magazin 14/01/2022   Z2 14/01/2022 14/01/2022 Aufsätze